000 00575nam a22002177a 4500
001 00028681
005 20260401084536.0
008 260401b ag ||||| |||| 00| 0 spa d
020 _a9500413191
040 _aAR-CcCEOS
_bspa
_cAR-CcCEOS
041 _aspa
080 _a982
090 _bBOS
100 1 _aBosch, Beatriz,
_d1911-2013
_9998
245 _aBenjamin Victorica :
_bDoctor y General /
_cBeatriz Bosch
250 _a1ª ed.
264 _aBuenos Aires :
_bEmecé,
_cc1994.
300 _a280 p. ;
_c24x15 cm.
650 0 _ahistoria
_990
942 _2udc
_cBK
_n0
999 _c28714
_d28714